| 000 | 00808nam a22002177a 4500 | ||
|---|---|---|---|
| 999 |
_c5558 _d5558 |
||
| 003 | AR-CdUCM | ||
| 008 | 190312b ||||| |||| 00| 0 eng d | ||
| 040 |
_aMUNICIPALIDAD PROVINCIAL DEL CUSCO _cBIBLIOTECA MUNICIPAL DEL CUSCO |
||
| 082 |
_a868.998 / _bN25G |
||
| 100 |
_aNarain, Harry _916653 |
||
| 245 |
_aGrass-Root people : _bThirteen stories on one theme / |
||
| 260 |
_aLa Habana : _bCasa de las Américas, _c1981. |
||
| 300 |
_a109 páginas ; _c18 cm. |
||
| 500 | _aDonación familia Luis Nieto | ||
| 505 | _aContenido: A letter to the prime minister -- the man ar the Botton -- Frugal Mindel -- Man or beast -- A phagwah story -- Bread Winner... | ||
| 650 |
_aLiteratura guyanense _916654 |
||
| 650 |
_aSiglo XX _98 |
||
| 650 |
_aHistoria guyanense _916655 |
||
| 942 |
_2ddc _cLIBROS |
||
| 945 | _adavv | ||